[Event "Geller Memorial op-A 6th"]
[Site "Odessa"]
[Date "2010.08.22"]
[Round "2"]
[White "Lomakin, Viktor"]
[Black "Aliferenko, Aleksei"]
[Result "1/2-1/2"]
[WhiteElo "2092"]
[BlackElo "2182"]
[PlyCount "130"]
[EventDate "2010.08.21"]
[EventType "swiss"]
[EventRounds "9"]
[EventCountry "UKR"]
[SourceTitle "CBM 138 Extra"]
[Source "ChessBase"]
[SourceDate "2010.10.29"]
[SourceVersion "1"]
[SourceVersionDate "2010.10.29"]
[SourceQuality "1"]

1. d4 Nf6 2. c4 e6 3. Nf3 b6 4. e3 Bb7 5. Bd3 c5 6. Nc3 Be7 7. 0-0 cxd4 8. exd4 d5 9. cxd5 Nxd5 10. Ne5 0-0 11. Qh5 g6 12. Qh3 Nxc3 13. bxc3 Bf6 14. Re1 Nd7 15. Ng4 Be7 16. Bh6 Re8 17. Bd2 Rf8 18. Rac1 a6 19. c4 Rc8 20. Bc3 h5 21. d5 e5 22. Nxe5 Nxe5 23. Bxe5 Bf6 24. Qf3 Bxe5 25. Rxe5 Re8 26. Rxe8+ Qxe8 27. Rb1 Qd8 28. a4 Rc5 29. h3 Qd6 30. Qe4 Bc8 31. Qd4 Bd7 32. Bc2 b5 33. axb5 axb5 34. Bd3 bxc4 35. Bxc4 Rc8 36. Be2 Qc5 37. Qxc5 Rxc5 38. Bf3 Kf8 39. Re1 Rc2 40. Re3 Bb5 41. Rb3 Bc4 42. Rb4 Ke7 43. h4 Kd6 44. Rb7 Bxd5 45. Bxd5 Kxd5 46. Rxf7 Ke6 47. Rf4 Ke5 48. g3 Rc1+ 49. Kg2 Rc3 50. Rf8 Ke6 51. Rf3 Rc1 52. Rf4 Rc3 53. f3 Rc1 54. g4 hxg4 55. fxg4 Ke5 56. Rf8 Ra1 57. h5 gxh5 58. gxh5 Ke6 59. Kg3 Ke7 60. Rf4 Ra6 61. Kg4 Rf6 62. Ra4 Kf7 63. Kg5 Rb6 64. Ra5 Kg7 65. Ra7+ Kh8 1/2-1/2

[Event "Yuzhny op"]
[Site "Yuzhny"]
[Date "2009.09.09"]
[Round "3"]
[White "Andreev, Volodymyr"]
[Black "Aliferenko, Aleksei"]
[Result "1-0"]
[WhiteElo "1986"]
[BlackElo "2206"]
[PlyCount "119"]
[EventDate "2009.09.08"]
[EventType "swiss"]
[EventRounds "9"]
[EventCountry "UKR"]
[SourceTitle "CBM 132 Extra"]
[Source "ChessBase"]
[SourceDate "2009.11.03"]
[SourceVersion "1"]
[SourceVersionDate "2009.11.03"]
[SourceQuality "1"]

1. e4 e6 2. d4 c5 3. d5 exd5 4. exd5 d6 5. Bd3 Nf6 6. c4 Be7 7. Ne2 0-0 8. 0-0 Nbd7 9. f4 b5 10. cxb5 Nb6 11. Nbc3 Bb7 12. Rf3 Nbxd5 13. Nxd5 Bxd5 14. Rh3 Bb7 15. Nc3 d5 16. Bxh7+ Nxh7 17. Qh5 f6 18. Qxh7+ Kf7 19. Qh5+ g6 20. Qh7+ Ke6 21. f5+ Kd7 22. Bh6 Rh8 23. Qf7 Qg8 24. fxg6 Qxf7 25. gxf7 Ke6 26. f8Q Bxf8 27. Re3+ Kd7 28. Bxf8 Raxf8 29. Na4 Kd6 30. Rae1 Bc8 31. Re7 d4 32. Rxa7 Re8 33. Rd1 Re2 34. b4 Rg8 35. bxc5+ Ke5 36. g3 Be6 37. b6 Rxa2 38. Re1+ Kf5 39. Rxe6 Kxe6 40. b7 Rb8 41. Ra6+ Kd5 42. Nb6+ Kxc5 43. Nd7+ Kc4 44. Nxb8 Rb2 45. Ra7 d3 46. Ra4+ Kc3 47. Nd7 Rb1+ 48. Kf2 d2 49. Ra3+ Kd4 50. b8Q Rxb8 51. Ke2 d1Q+ 52. Kxd1 Rd8 53. Ke2 Rh8 54. h4 f5 55. Rd3+ Ke4 56. Re3+ Kd4 57. Nf6 Rh6 58. Rd3+ Ke5 59. Nd5 Ra6 60. Ke3 1-0

[Event "Geller Memorial op-A 5th"]
[Site "Odessa"]
[Date "2009.08.26"]
[Round "7"]
[White "Rudenko, Serhiy"]
[Black "Aliferenko, Aleksei"]
[Result "0-1"]
[WhiteElo "1927"]
[BlackElo "2206"]
[PlyCount "68"]
[EventDate "2009.08.20"]
[EventType "swiss"]
[EventRounds "9"]
[EventCountry "UKR"]
[SourceTitle "CBM 132 Extra"]
[Source "ChessBase"]
[SourceDate "2009.11.03"]
[SourceVersion "1"]
[SourceVersionDate "2009.11.03"]
[SourceQuality "1"]

1. d4 Nf6 2. c4 e6 3. Nc3 Bb4 4. Qc2 0-0 5. e4 d5 6. e5 Ne4 7. a3 Bxc3+ 8. bxc3 c5 9. cxd5 exd5 10. Bd3 Qa5 11. Bxe4 dxe4 12. Bd2 Bf5 13. Qb3 Qa6 14. d5 Nd7 15. f4 exf3 16. Nxf3 Nxe5 17. Nxe5 Rae8 18. 0-0-0 Rxe5 19. c4 Re4 20. g4 Rxc4+ 21. Bc3 b5 22. gxf5 b4 23. Rd3 Rxc3+ 24. Rxc3 bxc3 25. Qxc3 Rb8 26. Rd1 c4 27. d6 Rb3 28. Qa1 Rxa3 29. Qb2 Ra1+ 30. Kc2 Qa4+ 31. Kc3 Ra3+ 32. Kd4 c3+ 33. Ke5 cxb2 34. d7 Qxd1 0-1

[Event "Geller Memorial op-A 5th"]
[Site "Odessa"]
[Date "2009.08.25"]
[Round "6"]
[White "Aliferenko, Aleksei"]
[Black "Mirzoev, Emil"]
[Result "1-0"]
[WhiteElo "2206"]
[BlackElo "2026"]
[PlyCount "135"]
[EventDate "2009.08.20"]
[EventType "swiss"]
[EventRounds "9"]
[EventCountry "UKR"]
[SourceTitle "CBM 132 Extra"]
[Source "ChessBase"]
[SourceDate "2009.11.03"]
[SourceVersion "1"]
[SourceVersionDate "2009.11.03"]
[SourceQuality "1"]

1. d4 Nf6 2. Nf3 e6 3. c4 b6 4. g3 Bb7 5. Bg2 Be7 6. Nc3 Ne4 7. Bd2 f5 8. 0-0 0-0 9. Ne1 Nxc3 10. Bxc3 Bxg2 11. Nxg2 Bf6 12. Qd3 Nc6 13. e4 fxe4 14. Qxe4 Na5 15. Ne3 c5 16. b3 Nc6 17. Nc2 Re8 18. Qd3 cxd4 19. Nxd4 Ne5 20. Qe2 d5 21. Nb5 Nd7 22. Rac1 Bxc3 23. Rxc3 Nf6 24. Rd1 a6 25. Nd4 Ne4 26. Re3 Qf6 27. f3 e5 28. Nc2 Nc5 29. Rxd5 e4 30. Rd4 Rad8 31. Qd1 Rxd4 32. Qxd4 Qxd4 33. Nxd4 Rd8 34. b4 Rxd4 35. bxc5 bxc5 36. Rxe4 Rd1+ 37. Kf2 Rd2+ 38. Re2 Rd4 39. Re4 Rd2+ 40. Ke3 Rxa2 41. Re5 Rxh2 42. Rxc5 Kf7 43. Rc7+ Kf6 44. Rc6+ Kf5 45. g4+ Kg5 46. Rxa6 Rc2 47. Ra5+ Kf6 48. Kd3 Rc1 49. Rf5+ Ke6 50. Kd4 Rd1+ 51. Kc5 g6 52. Rf8 Ke7 53. Rh8 Kf6 54. Rxh7 Rf1 55. Rh8 Kg7 56. Rh3 Kf6 57. Kd6 Rd1+ 58. Kc6 Rc1 59. c5 Ke5 60. Rh8 Rc3 61. Re8+ Kf4 62. Rf8+ Ke5 63. f4+ Kd4 64. Rd8+ Ke4 65. f5 g5 66. Rd1 Ke5 67. Re1+ Kd4 68. Kd6 1-0

[Event "Geller Memorial op-A 5th"]
[Site "Odessa"]
[Date "2009.08.24"]
[Round "5"]
[White "Zingaylo, Anastasiya"]
[Black "Aliferenko, Aleksei"]
[Result "1-0"]
[WhiteElo "2070"]
[BlackElo "2206"]
[PlyCount "79"]
[EventDate "2009.08.20"]
[EventType "swiss"]
[EventRounds "9"]
[EventCountry "UKR"]
[SourceTitle "CBM 132 Extra"]
[Source "ChessBase"]
[SourceDate "2009.11.03"]
[SourceVersion "1"]
[SourceVersionDate "2009.11.03"]
[SourceQuality "1"]

1. e4 d6 2. d4 Nf6 3. Nc3 g6 4. f3 Bg7 5. Be3 0-0 6. Qd2 e5 7. 0-0-0 exd4 8. Bxd4 Nc6 9. Be3 a6 10. Bh6 Re8 11. g4 Bh8 12. h4 b5 13. h5 Ne5 14. hxg6 fxg6 15. Bg5 Be6 16. Qh2 Qd7 17. Qh4 Rf8 18. Be2 b4 19. Nd5 Bxd5 20. exd5 Qg7 21. Bh6 Qf7 22. f4 Ned7 23. Nf3 Ne4 24. Nd4 Rfe8 25. Bc4 Nb6 26. Bb3 Bxd4 27. Rxd4 a5 28. f5 Nc5 29. f6 Nxb3+ 30. axb3 Re5 31. Bg7 h5 32. Qg3 Rxd5 33. gxh5 Rxh5 34. Rxh5 gxh5 35. Qg5 Re8 36. Rd1 Re4 37. Qh6 Qe6 38. Qh8+ Kf7 39. Qxh5+ Kg8 40. f7+ 1-0